000 00664nam a2200193Ia 4500
005 20250508161930.0
008 008 250505s9999 xx 000 0 eng d
037 _aDissertations
040 _aFEDL
_beng
_cFEDL
041 _aeng
_2eng
084 _a371.2, KUL/DI
_qFEDL
100 _aKulshreshtha Om Shankar
_9771834
245 0 _aStudy of the perception of the teachers about the administrative behaviour of their principals and its relationship with the school climate of Delhi schools
260 _c1979
300 _a70p.
546 _aM.Ed. Dissertation (Delhi University)
942 _cDIS
_h371.2, KUL/DI
999 _c1373316
_d1373316